Stati per Età mediana - Africa - Statistics

Statistiche generali
  • Questo quiz è stato fatto 5 volte
  • Il punteggio medio è 8 su 10
Statistiche sulle risposte
Età mediana (anni) Nazione % Corretto
28,9 Algeria
100%
24,1 Egitto
100%
25,8 Libia
100%
29,1 Marocco
100%
28,0 Sudafrica
100%
24,7 Lesotho
80%
24,9 Gibuti
60%
36.3 Mauritius
60%
36,8 Seychelles
60%
25,7 Botswana
20%
Nessun quiz corrispondente trovato
Distribuzione punteggi
Percentuale di utenti per punteggio
Percentile per numero di risposta
I tuoi punteggi nel tempo
Non hai fatto questo quiz